000 01000nam a2200229Ia 4500
001 L010-186
003 IT-CnALBA
008 170116s9999||||xx |||||||||||||| ||und||
040 _aIT-CnALBA
_cIT-CnALBA
041 _aITALIANO
100 _aAA. VV.
245 0 _aALMANACCO DI CORDELIA 1933
250 _a1a ed.
260 _a FIRENZE
_bCAPELLI EDITORE
_c1933 [1° Ed.:1933 - Ed.Ling.Originale: 1933]
300 _a230 p.
500 _aLE DONNE VISTE DAGLI UOMINI. CALENDARI DIARIO STORICO E FESTE DEL 1933. OROSCOPI CLEIDOSCOPIO SULLA DONNA. DONNE ATTRAVERSO I TEMPI. RUOLO DELLA DONNA VISTA DALL'UOMO.
501 _aSocietà San Paolo EM - Piazza San Paolo, 14 - 12051 ALBA (CN) (non commercial uses only) ® Copyright 2017
520 _aLE DONNE VISTE DAGLI UOMINI. CALENDARI DIARIO STORICO E FESTE DEL 1933. OROSCOPI CLEIDOSCOPIO SULLA DONNA. DONNE ATTRAVERSO I TEMPI. RUOLO DELLA DONNA VISTA DALL'UOMO.
650 _aBIBLIOGRAFIE E CATALOGHI
942 _cBK
957 _71
999 _a285
_bSI
_g Copie: 1
_c259422
_d259422